000 00250nam a22001097a 4500
008 170112b xxu||||| |||| 00| 0 eng d
020 _a9780763748982
041 _aeng
080 _22ND
_a618.2
245 _aNURSING ETHICS
_cBUTTS, J.B
942 _2udc
_cBK
999 _c2778
_d2778